Ekonomické výsledky poľnohospodárskych podnikov na Slovensku v roku 1993

Bibliographic Details
Main Authors: Žitný, Július (Author), Mlynarovič, Augustín (Author), Denko, Ján (Author)
Format: Article
Language:Slovak
Subjects:

MARC

LEADER 00000nab a2200000 a 4500
001 vtls000521425
003 SK-MaSNL
005 20260304095112.0
008 250425c1994 xo 0 slo
015 |a SNBRB19rr/mm-uuuuu 
035 |a CL0521563 
035 |a urn:nbn:sk:snk-ab2sh3 
035 |a (urnnbn)urn:nbn:sk:snk:ar-a02veb 
035 |a (uuid)ec757ca5-bb33-491b-b244-a735c038d2d9 
040 |a SNKBUCL  |b slo  |c SNKBUCL  |e AACR2 
041 0 |a slo 
044 |a xo  |c SK 
080 |a 631.16(437.6):658.15  |2 1981 
080 |a 658.15  |2 1981 
100 1 |a Žitný, Július  |4 aut  |9 9864 
245 1 0 |a Ekonomické výsledky poľnohospodárskych podnikov na Slovensku v roku 1993  |c Július Žitný, Augustín Mlynarovič, Ján Denko 
300 |b Tab. 8 
650 0 7 |a poľnohospodárske podniky  |2 snkbucl  |9 4194 
655 7 |a články z novín a časopisov  |2 snkbucl  |9 267496 
700 1 |a Mlynarovič, Augustín  |4 aut  |9 10456 
700 1 |a Denko, Ján  |4 aut  |9 1370965 
773 0 |t Agroekonomika  |g Roč. 3, č. 5 (1994), s. 195-197  |x 0323-2670 
850 |a Slovenská národná knižnica 
852 |a Slovenská národná knižnica 
954 |a odborná, vedecká literatúra pôvodná (slovenská)  |2 lita 
958 |a article27 
958 |a OND 
958 |a RK 
958 |a EUIPO 
992 |a RBX 
999 |c 2830721  |d 2832651